Qui est cet énarque ? - Statistiques

Statistiques générales
  • Ce quiz a été pris 20 fois
  • Le résultat moyen est 30 sur 51
Statistiques - réponses
Par images Réponse % Correct
Édouard Philippe
92%
Emmanuel Macron
92%
François Hollande
92%
Jacques Chirac
92%
Jean Castex
92%
Lionel Jospin
92%
Martine Aubry
92%
Valérie Pécresse
92%
Alain Juppé
83%
Amélie Oudéa-Castéra
83%
Bruno Le Maire
83%
Dominique de Villepin
83%
Jacques Attali
83%
Jean-François Copé
83%
Jean Messiha
83%
Laurent Fabius
83%
Nicolas Dupont-Aignan
83%
Édouard Balladur
75%
Florian Philippot
75%
Lucie Castets
75%
Philippe de Villiers
75%
Laurent Wauquiez
67%
Sarah Knafo
67%
Ségolène Royale
67%
Agnès Pannier-Runacher
58%
Alexis Kohler
58%
Charles de Courson
58%
Clément Beaune
58%
François Asselineau
58%
Gérard Araud
58%
Pierre Moscovici
58%
Claude Guéant
50%
Jérôme Guedj
50%
Laurent Nuñez
50%
Michel Sapin
50%
Alain Minc
42%
Boris Vallaud
42%
Fleur Pellerin
42%
Florence Parly
42%
Michel Rocard
42%
Philippe Séguin
42%
Catherine Colonna
33%
Hubert Védrine
33%
Antoine Armand
25%
Jean-Pierre Chevènement
25%
Frédéric Mion
17%
Gaspard Gantzer
17%
Jean-Pierre Jouyet
17%
Alexandre Bompard
8%
Jean-Louis Bourlanges
8%
Richard Descoings
8%
Aucun quiz correspondant
Distribution des résultats
% des personnes avec chaque résultat
Percentile par nombre de réponses
Votre historique - résultats
Vous n’avez pas pris ce quiz